Holiday Quiz

Random Holiday or Logic Quiz

Thanksgiving Dinner Logic Puzzle Quiz Stats

 Plays Quiz Updated Nov 28, 2013

Support Sporcle.
Go Orange.
Score 0/20 Timer 15:00
16 Plays Today
% Correct
???
100%
???
80.6%
???
79.4%
???
74.8%
???
73.5%
???
56.4%
???
55.6%
???
50.6%
???
43.1%
???
37.3%
% Correct
???
36.2%
???
35%
???
34.1%
???
32.8%
???
30.3%
???
27.3%
???
23.1%
???
21.9%
???
19.2%
???
17.2%

You're not logged in!

Compare scores with friends on all Sporcle quizzes.
OR
Log In

From the Vault

Climbing Up the Charts

by B_Awesome_87

Uh-oh, T. Swift and Kanye are together in the same quiz. This could get awkward.
Remove Ads.
Support Sporcle.
Get the best of Sporcle when you Go Orange. This ad-free experience offers more features, more stats, and more fun while also helping to support Sporcle. Thank you for becoming a member.

Show Comments

Extras

Top Quizzes Today


Score Distribution

Your Account Isn't Verified!

In order to create a playlist on Sporcle, you need to verify the email address you used during registration. Go to your Sporcle Settings to finish the process.

Report this User

Report this user for behavior that violates our Community Guidelines.

Details: